Statistics for WWE Intercontinental Champions Since 2003

Click here to take the quiz!

General Stats

  • This quiz has been taken 689 times
  • The average score is 48 of 67

Answer Stats

Answer% Correct
The Miz
95%
The Miz
95%
The Miz
95%
The Miz
95%
The Miz
95%
The Miz
90%
Chris Jericho
88%
Chris Jericho
88%
Chris Jericho
88%
Chris Jericho
88%
Dolph Ziggler
85%
Dolph Ziggler
85%
Dolph Ziggler
85%
Dolph Ziggler
85%
Dean Ambrose
84%
Dolph Ziggler
81%
Randy Orton
81%
Edge
80%
Christian
79%
Christian
79%
Christian
79%
Dean Ambrose
79%
Kofi Kingston
77%
Kofi Kingston
77%
Kofi Kingston
77%
Kofi Kingston
77%
Rey Mysterio
77%
Rey Mysterio
77%
Big Show
76%
Jeff Hardy
76%
Jeff Hardy
76%
Jeff Hardy
76%
Cody Rhodes
74%
Cody Rhodes
74%
Bad News Barrett
70%
Bad News Barrett
70%
Daniel Bryan
70%
Kevin Owens
70%
Kevin Owens
70%
Wade Barrett
70%
Wade Barrett
70%
Wade Barrett
70%
Big E
65%
CM Punk
64%
Rob Van Dam
64%
Rob Van Dam
64%
Rob Van Dam
64%
Zack Ryder
63%
Johnny Nitro
62%
Johnny Nitro
62%
John Bradshaw Layfield
60%
John Morrison
60%
Ryback
60%
Umaga
58%
Umaga
58%
Booker T
57%
Shelton Benjamin
57%
Shelton Benjamin
57%
Santino Marella
56%
Santino Marella
56%
Ric Flair
54%
Drew Mcintyre
53%
Carlito
52%
Curtis Axel
52%
Luke Harper
52%
Ezekiel Jackson
43%
William Regal
42%

Score Distribution

Percentile by Number Answered

Percent of People with Each Score

Your Score History

You have not taken this quiz